000 00689nam a2200217 i 4500
001 140117
003 ES-MaACL
005 20251218175954.0
007 t|
008 070214s1969 sp r ||||1| spa d
100 1 _aSchüller Pérez, Amador.
_9104762
245 1 0 _aPorfiria hepatocutánea tardía /
_cAmador Schüller Pérez, Dusko Jelavic ; prólogo de Gay Prieto.
250 _a1ª. ed.
260 _aBarcelona :
_bToray,
_c1969.
300 _aXII, 159 p., 9 lám. :
_bil. ;
_c23 cm.
650 4 _aPorfiria.
_9154050
700 1 _aJelavic, Dusko.
_966274
700 1 _aGay Prieto, José,
_d1905-1979
_956121
852 _aES-MaACL
_jC-38128
_bR.70644
999 _c140117
_d140117